| 000 | 01112nam a22002537a 4500 | ||
|---|---|---|---|
| 005 | 20120112143825.0 | ||
| 008 | 120112t xxu||||| |||| 00| 0 mar d | ||
| 010 | _aMAR-22067 | ||
| 020 |
_c75.00 _a9788174981318 |
||
| 035 | _aMR-14725 | ||
| 037 | _bDBAD/PUB | ||
| 040 |
_aDPL _bMR |
||
| 082 | _a891.462 | ||
| 100 |
_aगज्वी, प्रेमानंद _939079 |
||
| 245 |
_aव्याकरण / _cप्रेमानंद गज्वी |
||
| 246 |
_aVyakaran _bby Premanand Gajvi |
||
| 260 |
_aनागपूर _bविजय प्रकाशन _c2011 |
||
| 270 |
_aहनुमान गल्ली,सीतीबर्डी, _bनागपूर _e440012 |
||
| 300 |
_a70पृ _c21सेमी(अजिल्द) |
||
| 650 |
_aमराठी नाटक _947051 |
||
| 650 |
_aMarathi Play _947052 |
||
| 942 |
_2ddc _cMR _mगज्वीप्रे _h891.462 |
||
| 999 |
_c66562 _d66562 |
||